| 000 | 00485nam a22001817a 4500 | ||
|---|---|---|---|
| 005 | 20260225102444.0 | ||
| 008 | 260225b |||||||| |||| 00| 0 eng d | ||
| 020 | _a978-178135240-3 | ||
| 050 | _aLB 1028.W66 2016 | ||
| 100 | _aWOOD PHIL | ||
| 245 | _aEDUCATIONAL RESEARCH -TAKING THE PLUNGE | ||
| 260 |
_aLONDON _bINDEPENDENT THINKING PRESS _c2016 |
||
| 300 | _aX,149 | ||
| 500 | _aINCLUDES AN INDEX | ||
| 650 | _aEducation research | ||
| 700 | _aSMITH JOAN | ||
| 942 |
_2lcc _cBK |
||
| 999 |
_c216643 _d216643 |
||